00376 a2200157 450000500170000002000220001708200150003910000200005424500190007425000160009326000380010930000290014770000140017694200130019099900150020320250628152907.0 a978-0-07-351128-3 a658.15 ROS aROSE, S. Harvey aPublic Finance a8th Edition aNew YorkbMcGraw-Hill Irwinc2008 axxvi,596p.bIndexc26 cm aTed Gayer 2ddccBKS c3669d3669